000 01214nam a22002531i 4500
001 1922
003 Uk
005 20231010144748.0
020 _a9781407139562 (pbk.) :
_c£4.99
040 _aStDuBDS
_beng
_cStDuBDS
_dUk
_erda
082 0 4 _a823.92
_223
100 1 _aCollins, Poppy,
_eauthor.
245 1 0 _aViolet in Jewel Forest /
_cPoppy Collins.
260 _aLondon :
_bScholastic,
_c2014
300 _a87 pages :
_billustrations ;
_c20 cm
490 0 _aFashion fairy princess
500 _aFormerly CIP.
_5Uk
505 _aO
520 _aThe fashion fairy princesses have been invited to the coronation of a new Pixie Tree Princess in Jewel Forest. They have great fun putting together outfits for the event. Jewel Forest is not far and the princesses fly there easily - but when they arrive, the place is in a panic. The new Pixie Tree Princess's crown has been stolen! Violet insists that the four of them journey across the twinkling treetop bridges to retrieve it. But now it is too dark for the princesses to find their way back! Violet must use her bravery and cunning to save the day.
521 _a820
_bLexile
521 _aO
_bRaz-Plus
655 0 _aChildren's stories.
942 _2ddc
_cBK
_n0
999 _c1922
_d1922